000
00220nam a2200097Ia 4500
008
170619s9999 xx 000 0 und d
100
_a
Gupta- B.L
245
0
_a
Engineering Hydrology
260
_b
Standarrd Pub.
260
_c
2012
546
_a
ENGLISH
999
_c
21589
_d
21589